000 00567nam a22002052 4500
001 0000024218
005 20151217155235.0
008 130619s xx 000 0 eng d
020 _a8120335240 :
040 _aKABU
_cKABU
100 1 _aDesai, Apurva A.
_@0000184198
245 1 0 _aComputer graphics /
_cApurva A. Desai.
250 _a1st ed.
260 _aNew Delhi :
_bPHI,
_c2008.
300 _axv, 347 p.
650 0 _aComputer graphics.
_@0000146527
852 1 _9p1640 KES
908 _a130619
950 _@1
999 _c12221
_d12221